Operačný systém MS-DOS : MS-DOD verzia 3.3 popis, príkazy, použitie /

Gespeichert in:
Bibliographische Detailangaben
1. Verfasser: Hodinár, Karol (Verfasst von)
Format: Buch
Sprache:Slowakisch
Veröffentlicht: Bratislava : CSERVENKA, 1991
Schriftenreihe:Malá knižnica PC
Tags: Tag hinzufügen
Keine Tags, Fügen Sie das erste Tag hinzu!

MARC

LEADER 00000nam a22000003a 4500
001 stu18445
005 20150617225752.7
008 920327s1991----cs------------------slo-d
040 |a STU  |b slo 
041 0 |a slo 
044 |a cs 
080 |a 681.3.06 
100 1 |a Hodinár, Karol  |4 aut 
245 1 |a Operačný systém MS-DOS :  |b MS-DOD verzia 3.3 popis, príkazy, použitie /  |c [aut.]Hodinár,Karol 
260 |a Bratislava :  |b CSERVENKA,  |c 1991 
300 |a 78 s 
830 0 |a Malá knižnica PC 
996 |b CB1470  |c C*B1470  |l CCXXIII  |s P  |a 0  |w stu18445_0001 
996 |b CB1528  |c C*B1528  |l CCXXIVA  |s P  |a 0  |w stu18445_0002 
996 |b C89764  |c C*89764  |l CCXX  |s P  |a 0  |w stu18445_0003